[Event "Europa ch Femenino 2013"]
[Site "Belgrado SER"]
[Date "2013.07.23"]
[Round "1.1"]
[White "Abdulla, Khayala"]
[Black "Muzychuk, Anna"]
[Result "1/2-1/2"]
[WhiteElo "2241"]
[BlackElo "2594"]
[PlyCount "83"]
[EventDate "2013.07.23"]
[EventType "swiss"]
[EventRounds "11"]
[EventCountry "SER"]
[Source "lmi"]
[SourceDate "2013.07.22"]

1. e4 e5 2. Nf3 Nc6 3. Bb5 a6 4. Ba4 Nf6 5. d3 d6 6. c3 g6 7. O-O Bg7 8. Re1
O-O 9. Bg5 h6 10. Bh4 g5 11. Bg3 Nh7 12. Nbd2 h5 13. h3 f5 14. exf5 Bxf5 15.
Bb3+ Kh8 16. Bd5 Qd7 17. Ne4 Ne7 18. Bb3 g4 19. Nh4 gxh3 20. Qxh5 Bg4 21. Ng6+
Nxg6 22. Qxg6 hxg2 23. Ng5 Nxg5 24. Qxg5 Qf5 25. Qxf5 Bxf5 26. Kxg2 Bh6 27. d4
exd4 28. cxd4 Rae8 29. Bd5 c6 30. Bf3 d5 31. Rxe8 Rxe8 32. Rh1 Re6 33. Bf4 Kg7
34. Bxh6+ Rxh6 35. Rxh6 Kxh6 36. Kg3 Kg5 37. a3 a5 38. b4 axb4 39. axb4 Bd7 40.
Be2 b6 41. Bd3 Be6 42. Be2 1/2-1/2

[Event "Europa ch Femenino 2013"]
[Site "Belgrado SER"]
[Date "2013.07.23"]
[Round "1.3"]
[White "Balaian, Alina"]
[Black "Lagno, Kateryna"]
[Result "0-1"]
[WhiteElo "2237"]
[BlackElo "2542"]
[PlyCount "129"]
[EventDate "2013.07.23"]
[EventType "swiss"]
[EventRounds "11"]
[EventCountry "SER"]
[Source "lmi"]
[SourceDate "2013.07.22"]

1. e4 e5 2. Nf3 Nc6 3. Bb5 a6 4. Ba4 d6 5. O-O Bd7 6. d4 exd4 7. Nxd4 b5 8.
Nxc6 Bxc6 9. Bb3 Nf6 10. Nc3 Be7 11. a4 O-O 12. Bd5 Nxd5 13. Nxd5 bxa4 14. Ra3
Re8 15. Rg3 Bh4 16. Rc3 Bxd5 17. exd5 Rb8 18. Rh3 Bg5 19. Qh5 h6 20. f4 Bf6 21.
c3 a3 22. bxa3 Rb3 23. c4 Qb8 24. Rhf3 Qb6+ 25. Kh1 Rxf3 26. Qxf3 Qd4 27. g4
Qe4 28. Kg2 Qc2+ 29. Kg3 Re2 30. h4 Qxc4 31. g5 hxg5 32. hxg5 Bc3 33. Kg4 g6
34. Rh1 Bd4 35. Rd1 Bg7 36. Be3 Qc2 37. Rc1 Qd3 38. Ba7 Qf5+ 39. Kg3 Rc2 40.
Re1 Qd7 41. Re3 c5 42. Bb6 Rb2 43. Ba5 Qa4 44. Be1 Bd4 45. Rd3 Qc2 46. Rd2 Qb1
47. Rd1 Qa2 48. Rd3 Re2 49. Bc3 Bxc3 50. Rxc3 Qd2 51. Kg4 Qd1 52. Kh3 Rd2 53.
Qxd1 Rxd1 54. Rb3 Rxd5 55. Rb6 a5 56. Ra6 c4 57. Rc6 Rd3+ 58. Kg2 d5 59. Rc5 c3
60. Kf2 d4 61. Ke2 Rd2+ 62. Kf3 c2 63. Ke4 d3 64. Ke5 Rd1 65. Ke4 0-1

[Event "Europa ch Femenino 2013"]
[Site "Belgrado SER"]
[Date "2013.07.23"]
[Round "1.4"]
[White "Kosintseva, Tatiana"]
[Black "Kaps, Darja"]
[Result "1-0"]
[WhiteElo "2528"]
[BlackElo "2235"]
[PlyCount "155"]
[EventDate "2013.07.23"]
[EventType "swiss"]
[EventRounds "11"]
[EventCountry "SER"]
[Source "lmi"]
[SourceDate "2013.07.22"]

1. e4 c5 2. Nf3 e6 3. d4 cxd4 4. Nxd4 Nc6 5. Nc3 Qc7 6. Be3 a6 7. Qd2 Nf6 8.
O-O-O Be7 9. f3 h5 10. Kb1 d6 11. h3 Bd7 12. Nxc6 Bxc6 13. Bf4 Rd8 14. Bd3 h4
15. Qf2 b5 16. Rhe1 b4 17. Ne2 e5 18. Be3 Ra8 19. c4 Nd7 20. Nc1 a5 21. Bf1 O-O
22. Nd3 Ba4 23. Rc1 Nc5 24. g3 Bd7 25. gxh4 f5 26. Nxc5 dxc5 27. Bg5 Bxg5 28.
hxg5 fxe4 29. Qd2 Bc6 30. fxe4 Rad8 31. Qe3 Rd4 32. Be2 Bxe4+ 33. Ka1 Rf4 34.
Bg4 Qe7 35. Rg1 a4 36. Be2 g6 37. Rcf1 Qf8 38. Re1 Qa8 39. Rgf1 Qb8 40. h4 a3
41. bxa3 bxa3 42. Qc3 Rxh4 43. Qxa3 Rd2 44. Bf3 Bxf3 45. Rxf3 Rf4 46. Rd3 Rff2
47. Rxd2 Rxd2 48. Rb1 Qf8 49. Qa6 Rd6 50. Qa7 Rd8 51. Qb6 Qd6 52. Qxd6 Rxd6 53.
Rb5 Rc6 54. Rb7 Kf8 55. Kb2 e4 56. Rd7 Rb6+ 57. Kc3 Ra6 58. Rd5 Ra3+ 59. Kb2
Rg3 60. Rxc5 Rg2+ 61. Kb3 e3 62. Re5 e2 63. a4 Kf7 64. Kb4 Rxg5 65. Rxe2 Rg1
66. a5 Rb1+ 67. Ka4 Ra1+ 68. Kb5 Rb1+ 69. Kc6 Ra1 70. Kb6 Rb1+ 71. Ka7 Rc1 72.
Re4 Kf6 73. a6 Kf5 74. Rd4 Ke5 75. Rd5+ Ke6 76. Rc5 Kd6 77. Kb6 Rb1+ 78. Rb5
1-0

[Event "Europa ch Femenino 2013"]
[Site "Belgrado SER"]
[Date "2013.07.23"]
[Round "1.5"]
[White "Benderac, Ana"]
[Black "Cramling, Pia"]
[Result "0-1"]
[WhiteElo "2225"]
[BlackElo "2523"]
[PlyCount "52"]
[EventDate "2013.07.23"]
[EventType "swiss"]
[EventRounds "11"]
[EventCountry "SER"]
[Source "lmi"]
[SourceDate "2013.07.22"]

1. e4 c5 2. Nf3 Nc6 3. d4 cxd4 4. Nxd4 e6 5. Nc3 a6 6. Be3 Nf6 7. Nxc6 bxc6 8.
e5 Nd5 9. Nxd5 cxd5 10. Qd4 Bb7 11. Bd3 d6 12. f4 Rc8 13. O-O dxe5 14. fxe5 Bc5
15. Qf4 O-O 16. Bxc5 Rxc5 17. Rf3 Rc7 18. Raf1 d4 19. Rg3 Kh8 20. Rh3 f5 21.
exf6 gxf6 22. Rh6 Rg7 23. Rf2 Qd5 24. Rxf6 Rxg2+ 25. Kf1 Rg1+ 26. Ke2 Qh5+ 0-1

[Event "Europa ch Femenino 2013"]
[Site "Belgrado SER"]
[Date "2013.07.23"]
[Round "1.6"]
[White "Khotenashvili, Bela"]
[Black "Eric, Jovana"]
[Result "1-0"]
[WhiteElo "2512"]
[BlackElo "2223"]
[PlyCount "111"]
[EventDate "2013.07.23"]
[EventType "swiss"]
[EventRounds "11"]
[EventCountry "SER"]
[Source "lmi"]
[SourceDate "2013.07.22"]

1. c4 c5 2. Nf3 Nc6 3. g3 g6 4. d4 cxd4 5. Nxd4 Bg7 6. Nc2 Nf6 7. Bg2 O-O 8.
O-O d6 9. Nc3 Nd7 10. Bd2 a5 11. b3 Nc5 12. Ne3 Nd4 13. Rb1 Bd7 14. Ned5 e6 15.
Nf4 Bc6 16. e3 Nf5 17. Qe2 Bxg2 18. Kxg2 Qd7 19. Rfd1 Qc6+ 20. Qf3 Rfd8 21. Be1
Be5 22. Nfe2 Ne7 23. Nd4 Qxf3+ 24. Nxf3 Nc6 25. a3 Bg7 26. Nb5 Ne4 27. h4 Kf8
28. Ng5 Nxg5 29. hxg5 Ke7 30. Bc3 Bxc3 31. Nxc3 f5 32. Rh1 Rh8 33. Rh4 Rag8 34.
f4 Rg7 35. Rbh1 Nb8 36. Kf3 Nd7 37. g4 Nc5 38. gxf5 gxf5 39. b4 axb4 40. axb4
Nd7 41. R4h2 Nb6 42. c5 dxc5 43. bxc5 Nd7 44. Rb1 Nxc5 45. Na4 Nd7 46. Rxb7 Rd8
47. Rh6 Rb8 48. Rxb8 Nxb8 49. Nc5 Nd7 50. Rxe6+ Kf7 51. Rc6 Nf8 52. Rf6+ Ke7
53. Rxf5 Ng6 54. Rd5 Ke8 55. Ne6 Ra7 56. f5 1-0

[Event "Europa ch Femenino 2013"]
[Site "Belgrado SER"]
[Date "2013.07.23"]
[Round "1.1"]
[White "Makropoulou, Marina"]
[Black "Gunina, Valentina"]
[Result "0-1"]
[WhiteElo "2220"]
[BlackElo "2507"]
[PlyCount "80"]
[EventDate "2013.07.23"]
[EventType "swiss"]
[EventRounds "11"]
[EventCountry "SER"]
[Source "lmi"]
[SourceDate "2013.07.22"]

1. e4 c5 2. Nf3 e6 3. d4 cxd4 4. Nxd4 a6 5. Nc3 d6 6. Be2 Nf6 7. O-O b5 8. Bf3
e5 9. Nf5 g6 10. Ne3 Nc6 11. a4 b4 12. Ncd5 Nxd5 13. Nxd5 Bg7 14. Bg5 f6 15.
Be3 Rb8 16. a5 Nxa5 17. Be2 Nc6 18. Bxa6 Be6 19. Qd3 O-O 20. Bb5 Nd4 21. Bxd4
exd4 22. Nxb4 Qb6 23. Bc4 Bxc4 24. Qxc4+ Kh8 25. c3 f5 26. exf5 Rxf5 27. Ra6
Qc5 28. Rc6 Qxc4 29. Rxc4 Rc5 30. Rxc5 dxc5 31. Nc6 Rb6 32. Na5 Rxb2 33. cxd4
Bxd4 34. Nc6 Bf6 35. g3 c4 36. Rc1 c3 37. Kf1 Kg7 38. Na5 Bd4 39. Nc6 Rxf2+ 40.
Ke1 Rxh2 0-1

[Event "Europa ch Femenino 2013"]
[Site "Belgrado SER"]
[Date "2013.07.23"]
[Round "1.2"]
[White "Cmilyte, Viktorija"]
[Black "Isgandarova, Khayala"]
[Result "1-0"]
[WhiteElo "2497"]
[BlackElo "2219"]
[PlyCount "65"]
[EventDate "2013.07.23"]
[EventType "swiss"]
[EventRounds "11"]
[EventCountry "SER"]
[Source "lmi"]
[SourceDate "2013.07.22"]

1. d4 Nf6 2. c4 g6 3. Nc3 Bg7 4. e4 d6 5. f3 O-O 6. Nge2 Nc6 7. Be3 a6 8. Qd2
Rb8 9. Rc1 Bd7 10. Nd1 Re8 11. Nf2 b5 12. c5 dxc5 13. Rxc5 e5 14. d5 Ne7 15.
Qc1 c6 16. dxc6 Nxc6 17. Rxc6 Bxc6 18. Qxc6 Qa5+ 19. Qc3 Qxa2 20. Nc1 Qe6 21.
Bd3 Rec8 22. Qd2 Nd7 23. O-O Nb6 24. b3 Bf8 25. Be2 Nd7 26. f4 Qd6 27. Ncd3 Qa3
28. Rb1 exf4 29. Bxf4 Rb7 30. Bg4 Rc6 31. e5 Nc5 32. Bf3 Nxb3 33. Qd1 1-0

[Event "Europa ch Femenino 2013"]
[Site "Belgrado SER"]
[Date "2013.07.23"]
[Round "1.4"]
[White "Kosteniuk, Alexandra"]
[Black "Pavlidou, Ekaterini"]
[Result "1-0"]
[WhiteElo "2489"]
[BlackElo "2210"]
[PlyCount "53"]
[EventDate "2013.07.23"]
[EventType "swiss"]
[EventRounds "11"]
[EventCountry "SER"]
[Source "lmi"]
[SourceDate "2013.07.22"]

1. e4 c5 2. Nf3 d6 3. d4 cxd4 4. Nxd4 Nf6 5. Nc3 Nc6 6. Bg5 g6 7. Be2 Bg7 8.
Nb3 O-O 9. O-O Be6 10. Qd2 Rc8 11. Rfd1 a6 12. h3 b5 13. Qe3 b4 14. Na4 h6 15.
Bxh6 Bxh6 16. Qxh6 Bxb3 17. axb3 Nxe4 18. Bxa6 Rb8 19. Bc4 Ne5 20. Rd4 Nf6 21.
Re1 Nxc4 22. Rh4 Nh5 23. Rxh5 gxh5 24. Qg5+ Kh7 25. Qxh5+ Kg7 26. Qg5+ Kh7 27.
Re4 1-0

[Event "Europa ch Femenino 2013"]
[Site "Belgrado SER"]
[Date "2013.07.23"]
[Round "1.5"]
[White "Stetsko, Lanita"]
[Black "Muzychuk, Mariya"]
[Result "1/2-1/2"]
[WhiteElo "2209"]
[BlackElo "2484"]
[PlyCount "119"]
[EventDate "2013.07.23"]
[EventType "swiss"]
[EventRounds "11"]
[EventCountry "SER"]
[Source "lmi"]
[SourceDate "2013.07.22"]

1. e4 c5 2. Nf3 Nc6 3. d4 cxd4 4. Nxd4 Nf6 5. Nc3 e5 6. Ndb5 d6 7. Bg5 a6 8.
Na3 b5 9. Nd5 Be7 10. Bxf6 Bxf6 11. c4 b4 12. Nc2 a5 13. Be2 O-O 14. O-O Bg5
15. Qd3 Be6 16. Rfd1 Kh8 17. b3 g6 18. Nde3 Qb6 19. h3 Rad8 20. Bg4 Qc5 21. Bf3
f5 22. exf5 gxf5 23. Bd5 Bxd5 24. Qxd5 f4 25. Ng4 Qxd5 26. Rxd5 h5 27. Nh2 Be7
28. Nf3 Rg8 29. a4 Rg6 30. Rad1 Rdg8 31. Nce1 Kg7 32. c5 Rd8 33. cxd6 Rgxd6 34.
Rxd6 Rxd6 35. Rxd6 Bxd6 36. Nc2 Kf6 37. Nd2 Ke6 38. Ne4 Bc7 39. Kf1 Bd8 40. Ke2
Kd5 41. Kd3 Be7 42. g4 hxg4 43. hxg4 Nd8 44. Ne1 Ne6 45. Nc2 Bh4 46. f3 Be7 47.
Ke2 Bd8 48. Kd3 Bh4 49. Ke2 Ng5 50. Nxg5 Bxg5 51. Ne1 e4 52. fxe4+ Kxe4 53. Nf3
Be7 54. Nd2+ Kd4 55. Nc4 Bd8 56. g5 Bxg5 57. Nxa5 Kc3 58. Kf3 Bd8 59. Nc6 Kxb3
60. Nxb4 1/2-1/2

[Event "Europa ch Femenino 2013"]
[Site "Belgrado SER"]
[Date "2013.07.23"]
[Round "1.6"]
[White "Pogonina, Natalija"]
[Black "Kazimova, Narmin"]
[Result "1-0"]
[WhiteElo "2478"]
[BlackElo "2208"]
[PlyCount "81"]
[EventDate "2013.07.23"]
[EventType "swiss"]
[EventRounds "11"]
[EventCountry "SER"]
[Source "lmi"]
[SourceDate "2013.07.22"]

1. d4 Nf6 2. c4 e6 3. Nf3 b6 4. g3 Ba6 5. b3 Bb4+ 6. Bd2 Be7 7. Nc3 O-O 8. Bg2
Bb7 9. O-O d5 10. cxd5 exd5 11. Bc1 Nbd7 12. Bb2 Re8 13. Rc1 c5 14. Re1 Ne4 15.
dxc5 Nxc3 16. Bxc3 bxc5 17. e3 Qb6 18. Ne5 Nxe5 19. Bxe5 Bf8 20. Ba1 Rad8 21.
Re2 d4 22. Bxb7 Qxb7 23. Rd2 Qa6 24. exd4 cxd4 25. Bxd4 Bb4 26. Bc3 Rxd2 27.
Qxd2 Bxc3 28. Rxc3 h6 29. Rc7 h5 30. h4 Qg6 31. Qd5 a6 32. b4 Rf8 33. Kg2 Qb6
34. Qc4 Qf6 35. Rc6 Qf5 36. Rxa6 Rd8 37. Ra5 Qd7 38. Re5 g6 39. b5 Rc8 40. Qe4
Kg7 41. a4 1-0

[Event "Europa ch Femenino 2013"]
[Site "Belgrado SER"]
[Date "2013.07.23"]
[Round "1.7"]
[White "Srebrnic, Ana"]
[Black "Zhukova, Natalia"]
[Result "0-1"]
[WhiteElo "2203"]
[BlackElo "2471"]
[PlyCount "120"]
[EventDate "2013.07.23"]
[EventType "swiss"]
[EventRounds "11"]
[EventCountry "SER"]
[Source "lmi"]
[SourceDate "2013.07.22"]

1. d4 Nf6 2. c4 e6 3. Nf3 c5 4. d5 exd5 5. cxd5 d6 6. Nc3 g6 7. Bf4 a6 8. a4
Bg7 9. h3 O-O 10. e3 Ne8 11. Be2 Nd7 12. O-O Ne5 13. Nd2 f5 14. Bg3 b6 15. Ra3
Rb8 16. f4 Nf7 17. Rb3 Nc7 18. Bc4 Bd7 19. Qe2 Qe8 20. e4 b5 21. e5 bxc4 22.
Rxb8 Qxb8 23. Nxc4 Re8 24. e6 Nxe6 25. dxe6 Rxe6 26. Qd3 Qb3 27. Qd5 Bxc3 28.
bxc3 Re4 29. Qa8+ Re8 30. Qxa6 Qxa4 31. Qxa4 Bxa4 32. Ra1 Bb5 33. Nb6 Bc6 34.
Bf2 Re4 35. g3 Re2 36. Nc8 Bb7 37. Na7 Rb2 38. Be1 Rg2+ 39. Kf1 Rc2 40. Rb1
Bg2+ 41. Kg1 Bxh3 42. Nc8 Kg7 43. Nb6 Bg2 44. Nc4 Be4 45. Rb6 Re2 46. Bf2 Rc2
47. Be1 d5 48. Ne5 d4 49. cxd4 cxd4 50. Nxf7 Kxf7 51. Rd6 d3 52. Kf1 Rh2 53.
Kg1 Re2 54. Bc3 Rg2+ 55. Kf1 Rxg3 56. Be5 h5 57. Ke1 h4 58. Rd7+ Ke6 59. Rh7 h3
60. Bc3 Rg1+ 0-1

[Event "Europa ch Femenino 2013"]
[Site "Belgrado SER"]
[Date "2013.07.23"]
[Round "1.8"]
[White "Hoang, Thanh Trang"]
[Black "Olsarova, Tereza"]
[Result "1-0"]
[WhiteElo "2467"]
[BlackElo "2203"]
[PlyCount "119"]
[EventDate "2013.07.23"]
[EventType "swiss"]
[EventRounds "11"]
[EventCountry "SER"]
[Source "lmi"]
[SourceDate "2013.07.22"]

1. d4 d5 2. Nf3 Nf6 3. c4 c6 4. e3 e6 5. Nbd2 Nbd7 6. b3 Bd6 7. Bb2 b6 8. Bd3
Bb7 9. O-O O-O 10. Ne5 Rc8 11. Qe2 Qe7 12. Rad1 c5 13. f4 Ne4 14. cxd5 exd5 15.
Nxe4 dxe4 16. Bc4 Nf6 17. dxc5 Bxc5 18. Ng4 Ne8 19. f5 Qg5 20. f6 g6 21. h4 Qh5
22. Be5 Bxe3+ 23. Qxe3 Qxg4 24. Rd2 Rc5 25. Rf4 Qc8 26. Bb2 Rf5 27. Ba3 Nxf6
28. Bxf8 Kxf8 29. Rdf2 b5 30. Rxf5 gxf5 31. Qh6+ Ke7 32. Bxb5 Qc5 33. Be2 Ba6
34. Bxa6 Qxf2+ 35. Kxf2 Ng4+ 36. Kg3 Nxh6 37. Kf4 f6 38. b4 Kd6 39. a4 Kd5 40.
a5 Kc6 41. Be2 Kd6 42. g3 Kc6 43. Bc4 Kd6 44. b5 Kc7 45. Bd5 Kb8 46. h5 Kc7 47.
g4 Nxg4 48. Kxf5 e3 49. Bf3 Ne5 50. Be2 Nd7 51. Ke4 Nc5+ 52. Kxe3 Nb7 53. Bd3
h6 54. Kf4 Nxa5 55. Kf5 Kd6 56. Kg6 Ke7 57. Kxh6 Kf8 58. Kg6 f5 59. Bxf5 Nb7
60. Be6 1-0

[Event "Europa ch Femenino 2013"]
[Site "Belgrado SER"]
[Date "2013.07.23"]
[Round "1.9"]
[White "Djukic, Sandra"]
[Black "Javakhishvili, Lela"]
[Result "0-1"]
[WhiteElo "2197"]
[BlackElo "2465"]
[PlyCount "60"]
[EventDate "2013.07.23"]
[EventType "swiss"]
[EventRounds "11"]
[EventCountry "SER"]
[Source "lmi"]
[SourceDate "2013.07.22"]

1. d4 Nf6 2. c4 e6 3. Nc3 Bb4 4. g3 d5 5. Nf3 O-O 6. Bg2 dxc4 7. O-O Nc6 8. a3
Be7 9. e4 Rb8 10. Be3 b5 11. Qe2 a5 12. Rfd1 Qe8 13. d5 exd5 14. exd5 Nd8 15.
a4 Bf5 16. Ba7 Rb7 17. Bd4 Bd3 18. Qe5 c5 19. Nxb5 cxd4 20. Qxd4 Bb4 21. Ne5
Bc5 22. Qxc5 Qxe5 23. Re1 Qxb2 24. d6 Ne6 25. Qc6 Rbb8 26. d7 Rbd8 27. Rad1
Rxd7 28. Bh3 Nd4 29. Nxd4 Rxd4 30. Qc7 Ne4 0-1

[Event "Europa ch Femenino 2013"]
[Site "Belgrado SER"]
[Date "2013.07.23"]
[Round "1.10"]
[White "Mkrtchian, Lilit"]
[Black "Shulakova, Svetlana"]
[Result "1-0"]
[WhiteElo "2454"]
[BlackElo "2194"]
[PlyCount "93"]
[EventDate "2013.07.23"]
[EventType "swiss"]
[EventRounds "11"]
[EventCountry "SER"]
[Source "lmi"]
[SourceDate "2013.07.22"]

1. d4 d5 2. c4 c6 3. Nf3 Nf6 4. e3 e6 5. b3 Nbd7 6. Bb2 b6 7. Bd3 Bb7 8. O-O
Be7 9. Nc3 O-O 10. Qc2 h6 11. Rad1 Rc8 12. Qe2 Qc7 13. Ne5 c5 14. f4 Rcd8 15.
f5 Ne4 16. Nxd7 Nxc3 17. Bxc3 Qxd7 18. f6 Bxf6 19. Rxf6 gxf6 20. Qg4+ Kh8 21.
Qh4 Kg7 22. Qg4+ Kh8 23. Qh4 Kg7 24. dxc5 e5 25. Rf1 Qe6 26. Qg3+ Kh8 27. Rxf6
Qxf6 28. Bxe5 Qxe5 29. Qxe5+ Kg8 30. Qg3+ Kh8 31. Qh4 Kg7 32. Qg4+ Kf6 33. Qf5+
Kg7 34. Qh7+ Kf6 35. Qxh6+ Ke7 36. c6 Bc8 37. Qh4+ f6 38. Bg6 dxc4 39. Qxc4 Be6
40. Qe4 Rd6 41. Bf5 Rh8 42. b4 b5 43. Bxe6 Rxe6 44. Qd5 Rd6 45. Qxb5 Rc8 46.
Qb7+ Kd8 47. b5 1-0

[Event "Europa ch Femenino 2013"]
[Site "Belgrado SER"]
[Date "2013.07.23"]
[Round "1.11"]
[White "Belenkaya, Dina"]
[Black "Paehtz, Elisabeth"]
[Result "1-0"]
[WhiteElo "2191"]
[BlackElo "2454"]
[PlyCount "127"]
[EventDate "2013.07.23"]
[EventType "swiss"]
[EventRounds "11"]
[EventCountry "SER"]
[Source "lmi"]
[SourceDate "2013.07.22"]

1. e4 c5 2. Nf3 Nf6 3. e5 Nd5 4. Nc3 Nxc3 5. dxc3 Nc6 6. Bc4 e6 7. Bf4 Qb6 8.
Rb1 Qc7 9. O-O h6 10. Re1 b6 11. Qe2 Bb7 12. Rbd1 O-O-O 13. Rd3 f5 14. h4 Na5
15. Nd2 g6 16. Rg3 Rg8 17. Ba6 Bxa6 18. Qxa6+ Kb8 19. Nf3 Nc6 20. Qe2 Ne7 21.
c4 Rh8 22. Qd2 Rh7 23. a4 a5 24. Rd1 Qc6 25. c3 Qxa4 26. b4 axb4 27. cxb4 Nc6
28. Rxg6 Qxb4 29. Qd3 Kc7 30. Rb1 Qa4 31. Nd2 Be7 32. h5 Nb4 33. Qc3 Qc2 34.
Qa3 Qa2 35. Qc3 Qa8 36. Ra1 Qb7 37. Nb1 Nc6 38. Be3 f4 39. Bxf4 Nd4 40. Qd3 Rf7
41. Be3 Nc6 42. Qc3 Rf5 43. Na3 Rxh5 44. Nb5+ Kb8 45. Rg7 Nxe5 46. Bf4 Bf6 47.
Rg6 Bh8 48. Qa3 Rf5 49. Nd6 Rxf4 50. Nxb7 Kxb7 51. Qa7+ Kc6 52. Qa4+ Kd6 53.
Rd1+ Ke7 54. Rxh6 Nf7 55. Rh7 Bd4 56. Rd2 Rg8 57. Kf1 Rg5 58. Qa8 Rgf5 59. f3
Rg5 60. Ra2 e5 61. Qd5 Rg6 62. Re2 d6 63. Ra2 Re6 64. Ra7+ 1-0

[Event "Europa ch Femenino 2013"]
[Site "Belgrado SER"]
[Date "2013.07.23"]
[Round "1.12"]
[White "Khurtsidze, Nino"]
[Black "Petrukhina, Irina"]
[Result "1-0"]
[WhiteElo "2443"]
[BlackElo "2190"]
[PlyCount "109"]
[EventDate "2013.07.23"]
[EventType "swiss"]
[EventRounds "11"]
[EventCountry "SER"]
[Source "lmi"]
[SourceDate "2013.07.22"]

1. c4 Nf6 2. Nf3 g6 3. Nc3 d5 4. cxd5 Nxd5 5. Qa4+ Bd7 6. Qc2 Nb4 7. Qb3 c5 8.
a3 Be6 9. Qa4+ Bd7 10. Qb3 Be6 11. Qd1 Nd5 12. Ng5 Nxc3 13. bxc3 Bd5 14. e4 Bc6
15. Qf3 f6 16. Bc4 fxg5 17. Qf7+ Kd7 18. Qe6+ Kc7 19. Qe5+ Qd6 20. Qxh8 Nd7 21.
Qxh7 Bxe4 22. O-O Nf6 23. Qh3 Nh5 24. Qe3 Bd5 25. Bxd5 Qxd5 26. d4 Nf4 27. f3
Rd8 28. Re1 Bg7 29. Bb2 Rd7 30. g3 Qb3 31. Rab1 Nd5 32. Qxg5 cxd4 33. cxd4 Qxf3
34. Rbc1+ Kd8 35. Rc2 Qd3 36. Rd2 Qf5 37. Qxf5 gxf5 38. Rf2 Nb6 39. Rxf5 Nc4
40. Bc1 Rxd4 41. Kg2 Rd3 42. Rf3 Rd5 43. h4 Ne5 44. Rf5 e6 45. Rg5 Bf6 46. Rh5
b5 47. Kh3 Nd3 48. Rxd5+ exd5 49. Re6 Nf2+ 50. Kg2 Ne4 51. h5 a5 52. h6 Kd7 53.
Rb6 d4 54. h7 Be5 55. Rxb5 1-0

[Event "Europa ch Femenino 2013"]
[Site "Belgrado SER"]
[Date "2013.07.23"]
[Round "1.1"]
[White "Folkova, Martina"]
[Black "Bodnaruk, Anastasia"]
[Result "0-1"]
[WhiteElo "2189"]
[BlackElo "2440"]
[PlyCount "102"]
[EventDate "2013.07.23"]
[EventType "swiss"]
[EventRounds "11"]
[EventCountry "SER"]
[Source "lmi"]
[SourceDate "2013.07.22"]

1. e4 c5 2. Nf3 d6 3. d4 cxd4 4. Nxd4 Nf6 5. Nc3 a6 6. Bg5 Nbd7 7. Qd2 e6 8.
Be2 b5 9. f4 b4 10. Nd1 Nxe4 11. Bxd8 Nxd2 12. Ba5 Ne4 13. Bxb4 Bb7 14. Bf3 d5
15. Bxf8 Rxf8 16. Nb3 Rc8 17. c3 Ndc5 18. Nxc5 Rxc5 19. Ne3 g5 20. f5 Nf6 21.
h4 h6 22. hxg5 hxg5 23. Kd2 e5 24. Rae1 Ke7 25. Nc2 Nd7 26. f6+ Kd6 27. Rh5 Rg8
28. Rh7 e4 29. Bh5 Nxf6 30. Rxf7 Nxh5 31. Rxb7 Ng3 32. Nd4 a5 33. Ra7 Rf8 34.
Ra6+ Ke7 35. Kc2 Rf2+ 36. Kb3 Nf1 37. Nc6+ Ke8 38. Ka3 e3 39. Nd4 Kd7 40. Ne2
Kc7 41. Rg6 Nd2 42. Rh1 Nc4+ 43. Kb3 Rxe2 44. Rh7+ Kb8 45. Rg8+ Rc8 46. Rxg5
Rxb2+ 47. Ka4 e2 48. Re7 Rb7 49. Rgg7 Nb2+ 50. Kxa5 Rc5+ 51. Ka6 Rc6+ 0-1

[Event "Europa ch Femenino 2013"]
[Site "Belgrado SER"]
[Date "2013.07.23"]
[Round "1.2"]
[White "Peptan, Corina-Isabela"]
[Black "Drljevic, Ljilja"]
[Result "1-0"]
[WhiteElo "2439"]
[BlackElo "2187"]
[PlyCount "95"]
[EventDate "2013.07.23"]
[EventType "swiss"]
[EventRounds "11"]
[EventCountry "SER"]
[Source "lmi"]
[SourceDate "2013.07.22"]

1. e4 d6 2. d4 g6 3. f4 Nf6 4. Nc3 Bg7 5. Nf3 O-O 6. Be3 b6 7. Qd2 Bb7 8. Bd3
c5 9. d5 a6 10. a4 Qc7 11. Bc4 Nbd7 12. Rd1 Qb8 13. Qe2 Ne8 14. O-O Nc7 15. Bf2
b5 16. axb5 Nb6 17. Bd3 axb5 18. Nxb5 Na4 19. Nxc7 Qxc7 20. c3 Rfb8 21. Rd2 Qa5
22. Rc2 Nb6 23. Nd2 Ba6 24. Bxa6 Rxa6 25. h3 Raa8 26. Re1 Qa2 27. Qd3 c4 28.
Qe2 Qa4 29. Rec1 Qa6 30. Kh2 Rc8 31. Bxb6 Qxb6 32. Nxc4 Qb5 33. Ne3 Qb3 34. Nf1
Bh6 35. Qf2 e5 36. dxe6 Qxe6 37. Qf3 Ra4 38. Re2 Qf6 39. g3 Ra2 40. Ne3 Rca8
41. Rd1 Bg7 42. Nd5 Qd8 43. Nb4 Ra1 44. Ree1 Rxd1 45. Rxd1 Qb8 46. Qd3 Qb6 47.
Kg2 Qb7 48. Qd5 1-0

[Event "Europa ch Femenino 2013"]
[Site "Belgrado SER"]
[Date "2013.07.23"]
[Round "1.3"]
[White "Baraeva, Marina"]
[Black "Girya, Olga"]
[Result "0-1"]
[WhiteElo "2185"]
[BlackElo "2437"]
[PlyCount "130"]
[EventDate "2013.07.23"]
[EventType "swiss"]
[EventRounds "11"]
[EventCountry "SER"]
[Source "lmi"]
[SourceDate "2013.07.22"]

1. d4 d5 2. Nf3 Nf6 3. c4 c6 4. Nc3 dxc4 5. a4 Bf5 6. e3 e6 7. Bxc4 Bb4 8. O-O
Nbd7 9. Qe2 Bg6 10. Rd1 O-O 11. Bd2 Qe7 12. Rac1 Rfd8 13. Be1 a5 14. Bd3 Bh5
15. Ne4 Bxe1 16. Qxe1 Nxe4 17. Bxe4 Nf6 18. Bd3 Bxf3 19. gxf3 e5 20. dxe5 Qxe5
21. Qe2 Rd6 22. Bc4 Rad8 23. Rxd6 Rxd6 24. Rd1 Nd7 25. Rxd6 Qxd6 26. f4 Nc5 27.
Qg4 g6 28. b3 Kg7 29. Kg2 Qd2 30. Qg5 Qd6 31. h4 f6 32. Qg4 b5 33. axb5 cxb5
34. Bxb5 Qd5+ 35. Qf3 Qxb3 36. Qc6 Qb4 37. Qc7+ Kh6 38. Bc6 Ne4 39. Qd8 Qd6 40.
Qa8 Nc5 41. Bb5 f5 42. Bc4 a4 43. Bb5 Ne4 44. Bc6 a3 45. Bxe4 fxe4 46. Qa5 Qe7
47. Kg3 Kg7 48. Qc3+ Kh6 49. Qa5 Qd6 50. Qa7 Qb4 51. Qa8 Kg7 52. Qa7+ Kg8 53.
Qa8+ Kf7 54. Qd5+ Kf8 55. Qd8+ Kg7 56. Qd7+ Kh6 57. Qa7 Qc3 58. Qa8 Qc1 59. Qa5
Qg1+ 60. Kh3 Qh1+ 61. Kg3 Qf3+ 62. Kh2 Qxf2+ 63. Kh1 Qxh4+ 64. Kg2 Qg4+ 65. Kh2
Qh5+ 0-1

[Event "Europa ch Femenino 2013"]
[Site "Belgrado SER"]
[Date "2013.07.23"]
[Round "1.4"]
[White "Socko, Monika"]
[Black "Baraeva, Irina"]
[Result "1-0"]
[WhiteElo "2435"]
[BlackElo "2171"]
[PlyCount "91"]
[EventDate "2013.07.23"]
[EventType "swiss"]
[EventRounds "11"]
[EventCountry "SER"]
[Source "lmi"]
[SourceDate "2013.07.22"]

1. e4 d5 2. exd5 Qxd5 3. Nc3 Qd6 4. d4 Nf6 5. Nf3 c6 6. g3 Bg4 7. Bg2 e6 8. O-O
Qc7 9. Re1 Bd6 10. Qd3 Nbd7 11. Nd2 O-O 12. Nc4 Be7 13. Bf4 Qd8 14. a4 Nd5 15.
Nxd5 cxd5 16. Ne3 Bh5 17. g4 Bg6 18. Qb5 Bf6 19. Rad1 Nb6 20. a5 Qd7 21. Qb3
Nc8 22. c4 Be4 23. cxd5 Bxd5 24. Nxd5 exd5 25. Qxd5 Qxg4 26. Qf3 Qf5 27. a6
bxa6 28. Qe3 Ne7 29. Bxa8 Rxa8 30. Bd6 Re8 31. d5 Qd7 32. Ba3 Rb8 33. Qf4 Rc8
34. Bxe7 Bxe7 35. d6 Bf8 36. Rc1 Rxc1 37. Rxc1 Bxd6 38. Rd1 Bxf4 39. Rxd7 h6
40. Rxa7 Be5 41. Ra8+ Kh7 42. b3 Kg6 43. Rxa6+ Kf5 44. b4 Ke4 45. Ra7 f5 46.
Rd7 1-0